00643cam a2200157 a 4500008004100000020001500041035001200056050002100068100002300089245012300112260007200235300002100307500009900328500002100427651003700448040223s1997 ck 000 0 spa u a9589620108 aa43542400aF2272 bM34 19971 aMcFarlane, Anthony10aColombia antes de la independencia :beconomía, sociedad y política bajo el dominio borbón /cAnthony McFarlane. aBogotá, Colombia :bBanco de la República :bEl Ancora, c1997. a577 p. ;c23 cm. aTraducción de: Colombia before independence economy, society abd politics under bourbon rule aIncluye índice 0aColombia xHistoria yHasta 1810